WEDDING SONG (Record no. 216726)
[ view plain ]
| 000 -LEADER | |
|---|---|
| fixed length control field | 00384nam a22001577a 4500 |
| 008 - FIXED-LENGTH DATA ELEMENTS--GENERAL INFORMATION | |
| fixed length control field | 260302b |||||||| |||| 00| 0 eng d |
| 022 ## - INTERNATIONAL STANDARD SERIAL NUMBER | |
| International Standard Serial Number | 0-385-26463-1 |
| 100 ## - MAIN ENTRY--PERSONAL NAME | |
| Personal name | MAHFOUZ, NAGUB |
| 245 ## - TITLE STATEMENT | |
| Title | WEDDING SONG |
| 260 ## - PUBLICATION, DISTRIBUTION, ETC. | |
| Place of publication, distribution, etc. | NEW YORK |
| Name of publisher, distributor, etc. | AN ANCHOR BOOK |
| Date of publication, distribution, etc. | 1989 |
| 300 ## - PHYSICAL DESCRIPTION | |
| Extent | 174P. |
| 650 ## - SUBJECT ADDED ENTRY | |
| Topical term or geographic name entry element | WEDDING SONGS |
| 700 ## - ADDED ENTRY--PERSONAL NAME | |
| Personal name | KENNY, OLIVE E. |
| 942 ## - ADDED ENTRY ELEMENTS (KOHA) | |
| Source of classification or shelving scheme | Library of Congress Classification |
| Koha item type | Long Loan Book |
| Withdrawn status | Lost status | Source of classification or shelving scheme | Damaged status | Not for loan | Collection | Home library | Current library | Shelving location | Date acquired | Inventory number | Total checkouts | Full call number | Barcode | Date last seen | Copy number | Price effective from | Koha item type |
|---|---|---|---|---|---|---|---|---|---|---|---|---|---|---|---|---|---|
| Library of Congress Classification | Arts & Social Sciences | Kisii University Library | Kisii University Library | On Display | 03/02/2026 | 112048 | PJ 7846 .A46 M34 1989 | A001369 | 03/02/2026 | 2 | 03/02/2026 | Long Loan Book | |||||
| Library of Congress Classification | Arts & Social Sciences | Kisii University Library | Kisii University Library | On Display | 03/02/2026 | 112047 | PJ 7846 .A46 M34 1989 | A000626 | 03/02/2026 | 1 | 03/02/2026 | Long Loan Book |